Statistics for Formula One Nations: Drivers #1

Click here to take the quiz!

General Stats

  • This quiz has been taken 115 times
  • The average score is 18 of 20

Answer Stats

DriverCountry% Correct
Pierre GaslyFrance
99%
Lewis HamiltonUnited Kingdom
99%
Nico RosbergGermany
98%
Carlos Sainz Jr.Spain
98%
Kimi RäikkönenFinland
97%
Niki LaudaAustria
96%
Lance StrollCanada
96%
Kevin MagnussenDenmark
96%
Alberto AscariItaly
95%
Daniil KvyatRussia
93%
Takuma SatoJapan
92%
Emerson FittipaldiBrazil
91%
Jack BrabhamAustralia
88%
Juan Pablo MontoyaColombia
88%
Mario AndrettiUnited States
88%
Pastor MaldonadoVenezuela
83%
Denny HulmeNew Zealand
82%
Narain KarthikeyanIndia
72%
Carlos ReutemannArgentina
68%
Thierry BoutsenBelgium
65%

Score Distribution

Percentile by Number Answered

Percent of People with Each Score

Your Score History

You have not taken this quiz